| 000 | 01352cam a2200373 i 4500 | ||
|---|---|---|---|
| 003 | EG-GICUC | ||
| 005 | 20260218083504.0 | ||
| 008 | 950314s1995 enk frb 001 0 eng d | ||
| 020 |
_a0198762720 _qacid-free paper |
||
| 020 |
_a0198762739 _qpbk. : acid-free paper |
||
| 020 |
_a9780198762720 _q(acid-free paper) |
||
| 020 |
_a9780198762737 _q(pbk. : acid-free paper) |
||
| 040 |
_aDLC _cDLC _dDLC _dEG-GICUC _beng _erda |
||
| 043 | _ae------ | ||
| 050 | 0 | 0 |
_aKJE947 _b.C73 1995 |
| 082 | 0 | 0 |
_a3482.9142 _221 |
| 092 | 0 | 4 | _221 |
| 099 | _aLaw 11 1995 | ||
| 100 | 1 |
_aCraig, P. P. _q(Paul P.) |
|
| 245 | 1 | 0 |
_aEC law : _btext, cases, and materials / _cPaul Craig and Gráinne de Búrca. |
| 264 |
_aOxford : _bClarendon Press ; _aNew York : _bOxford University Press, _c1995. |
||
| 300 |
_acxxvi, 1160 page ; _c24 cm. |
||
| 336 |
_atext _2rdacontent |
||
| 337 |
_aComputer _2rdamedia |
||
| 338 |
_aOnline Resource _2rdacarrier |
||
| 504 | _aIncludes bibliographical references and index. | ||
| 610 | 2 | 0 | _aEuropean Economic Community. |
| 650 | 0 |
_aLaw _zEuropean Economic Community countries. |
|
| 700 | 1 |
_aDe Búrca, G. _q(Gráinne) |
|
| 856 | 4 | 2 | _uhttps://fll.law.cu.edu.eg/fulltext/bks/ENGB11-00149.pdf |
| 856 | 4 | 2 |
_3Publisher description _uhttp://www.loc.gov/catdir/enhancements/fy0639/95013322-d.html |
| 905 | _a10 | ||
| 942 |
_2ddc _cBK _e21 _n0 |
||
| 999 |
_c63510 _d63510 |
||